| 000 | 01374nam a2200265 u 4500 | ||
|---|---|---|---|
| 001 | 000326727 | ||
| 003 | AM-YeHGA | ||
| 005 | 20260311123018.0 | ||
| 008 | 040413s1991 ru r 000 0 rus|d | ||
| 020 | _z5-7507-0257 | ||
| 040 | _aAM-YeHGA | ||
| 041 | 0 | _arus | |
| 245 | 0 | 0 |
_aЭкономическая оценка сельскохозяйственных угодий Ростовской области / _cА.С. Чешев и др.; Под. ред. А.С. Чешева, Е.М. Цвылева; Рост. обл. агропром. ком., Юж. гос проект. ин-т по землеустройству Южгипрозем. |
| 260 |
_aРостов-на-Дону _bИзд-во Рост. ун-та, _c1991. |
||
| 300 |
_a240 с. : _bил. |
||
| 500 | _aАвт. указаны на обороте тит. л. | ||
| 504 | _aБиблиогр.: с. 238-240 | ||
| 653 | 0 | _aСельскохозяйственые угодья - Рост. обл. | |
| 653 | 0 | _aЗемли - Оценка | |
| 700 | 1 |
_aЧешев, А.С. _eред. _4edt |
|
| 700 | 1 |
_aЦвылев, Е.М. _eред. _4edt |
|
| 710 | 2 | _aРостовский областной агропромышленный комитет | |
| 710 | 2 | _aЮжный государственный проектный институт по землеустройству Южгипрозем | |
| 942 |
_2udc _cBK |
||
| 999 |
_c121962 _d121962 |
||